书目信息 |
| 题名: |
建设法规
|
|
| 作者: | 顾永才 主编 | |
| 分册: | ||
| 出版信息: | 北京 科学出版社 2020.04 |
|
| 页数: | 13,235页 | |
| 开本: | 26cm | |
| 丛书名: | ||
| 单 册: | ||
| 中图分类: | D922.297.1 | |
| 科图分类: | ||
| 主题词: | 建筑法--中国--高等学校--教材 | |
| 电子资源: | ||
| ISBN: | 978-7-03-064605-7 | |
| 000 | 00942nam0 2200265 450 | |
| 001 | 0120202993377 | |
| 005 | 20201019105936.92 | |
| 010 | @a978-7-03-064605-7@dCNY46.00 | |
| 100 | @a20200605d2020 em y0chiy50 ea | |
| 101 | 0 | @achi |
| 102 | @aCN@b110000 | |
| 105 | @ay z 000yy | |
| 106 | @ar | |
| 200 | 1 | @a建设法规@9jian she fa gui@b专著@f顾永才主编 |
| 205 | @a4版 | |
| 210 | @a北京@c科学出版社@d2020.04 | |
| 215 | @a13,235页@d26cm | |
| 300 | @a高等院校土木工程类应用型系列教材 | |
| 330 | @a本书主要介绍以合同法、招标投标法、建筑法、安全生产法等为核心的与工程建设有关的法律、行政法规、部门规章和司法解释。本书内容以规范“建设工程”的法律为主线,加入了民法、担保法等相关知识,更具有前沿性和实用性。 | |
| 333 | @a高校土木工程专业师生 | |
| 606 | 0 | @a建筑法@y中国@x高等学校@j教材 |
| 690 | @aD922.297.1@v5 | |
| 701 | 0 | @a顾永才@9gu yong cai@4主编 |
| 801 | 0 | @aCN@b人天书店@c20200605 |
| 905 | @b1293121-24@dD922.297.1@e2130=4@f4 | |
| 建设法规/顾永才主编.-4版.-北京:科学出版社,2020.04 |
| 13,235页;26cm |
| 高等院校土木工程类应用型系列教材.-使用对象:高校土木工程专业师生 |
| ISBN 978-7-03-064605-7:CNY46.00 |
| 本书主要介绍以合同法、招标投标法、建筑法、安全生产法等为核心的与工程建设有关的法律、行政法规、部门规章和司法解释。本书内容以规范“建设工程”的法律为主线,加入了民法、担保法等相关知识,更具有前沿性和实用性。 |
| ● |
| 相关链接 |
|
|
|
|
正题名:建设法规
索取号:D922.297.1/2130=4
 
预约/预借
| 序号 | 登录号 | 条形码 | 馆藏地/架位号 | 状态 | 备注 |
| 1 | 1293121 | 212931210 | 第一样本阅览室/ [索取号:D922.297.1/2130=4] | 在馆 | |
| 2 | 1293122 | 212931229 | 第一借阅区/ [索取号:D922.297.1/2130=4] | 在馆 | |
| 3 | 1293123 | 212931238 | 第一借阅区/ [索取号:D922.297.1/2130=4] | 在馆 | |
| 4 | 1293124 | 212931247 | 第一借阅区/ [索取号:D922.297.1/2130=4] | 在馆 |